Statistiques concernant Naples - Culture générale

Cliquez ici pour prendre le quiz!

Statistiques générales

  • Ce quiz a été pris 731 fois
    (683 depuis la dernière actualisation)
  • Le résultat moyen est 10 sur 15

Statistiques - réponses

InformationRéponse% Correct
Nom de Naples en italienNapoli
99%
Plat emblématique inventé ici et aujourd'hui mondialement connuPizza
95%
Volcan qui domine et menace NaplesVésuve
94%
Ville antique détruite par ce volcanPompéi / Herculanum
92%
Star argentine du club auteure de 115 butsDiego Maradona
86%
Couleur des maillots du club de football napolitainBleu
84%
Ce qu'est la puissante organisation nommée CammoraMafia
83%
Animal qui fournit la mozzarella typique de la régionBufflonne
64%
Origine culturelle des colonisateurs antiques de la villeGrec
61%
Île de la baie de Naples, chantée par Hervé Vilard en 1965Capri
55%
Royaume crée en 1816 lors de la fusion avec une autre région italienne, Naples en fut une capitaleRoyaume des Deux {Siciles}
52%
Région italienne dont Naples est la capitaleCampanie
48%
Date de l'éruption qui ensevelit cette ville de cendres79
32%
Mer que Naples bordeMer {Tyrrhénienne}
24%
Plus importante des places de la ville face à plusieurs monumentsPiazza del {Plebiscito}
12%

Distribution des résultats

Percentile par nombre de réponses

% des personnes avec chaque résultat

Votre développement - résultats

Vous n’avez pas pris ce quiz depuis la dernière actualisation